| 000 | 01264nam a2200385 i 4500 | ||
|---|---|---|---|
| 003 | EG-ScBUE | ||
| 005 | 20240407104948.0 | ||
| 008 | 180410s2001 cc a f b 000 0 eng d | ||
| 020 | _a7801139631 | ||
| 020 | _a9787801139634 | ||
| 040 |
_aEG-ScBUE _beng _erda _cEG-ScBUE _dEG-ScBUE |
||
| 041 | 1 |
_aeng _hchi |
|
| 043 | _aa-cc--- | ||
| 082 | 0 | 4 |
_a951.7 _bINN _222 |
| 240 | 1 | 0 |
_aNeimenggu. _lEnglish |
| 245 | 0 | 0 |
_aInner Mongolia / _c[chief editors Meng Shude, Huang Wencong.] |
| 250 | _aFirst edition. | ||
| 264 | 1 |
_aBeijing : _bChina Intercontinental Press, _c2001. |
|
| 300 |
_a180 pages : _bcolor illustrations ; _c20 cm. |
||
| 336 |
_2rdacontent _atext _btxt |
||
| 337 |
_aunmediated _2rdamedia _bn |
||
| 338 |
_avolume _bnc _2rdacarrier |
||
| 490 | 0 | _aWest China | |
| 504 | _aIncludes bibliographical references. | ||
| 546 | _aText in English ; translated from original Chinese. | ||
| 650 | _2BUEsh | ||
| 651 | 7 |
_aInner Mongolia (China) _xDescription and travel. _2BUEsh |
|
| 651 | 7 |
_aInner Mongolia (China) _xPictorial works. _2BUEsh |
|
| 653 |
_bGGEN _cApril2018 |
||
| 655 | _vReading book | ||
| 700 | 1 |
_aMeng, Shude. _eeditor. |
|
| 700 | 1 |
_aHuang, Wencong, _eeditor. |
|
| 942 |
_2ddc _cBB |
||
| 999 |
_c26483 _d26455 |
||